Remarks of President Roosevelt to the officers and enlisted men on board the U.S.S. Louisiana, November 26, 1906. (Record no. 14230)

MARC details
000 -LEADER
fixed length control field 00627cam a22002051 4500
001 - CONTROL NUMBER
control field ca 10002024
003 - CONTROL NUMBER IDENTIFIER
control field DLC
005 - DATE AND TIME OF LATEST TRANSACTION
control field 20260227111052.0
008 - FIXED-LENGTH DATA ELEMENTS--GENERAL INFORMATION
fixed length control field 850726s1907 dcu f000 0 eng
010 ## - LIBRARY OF CONGRESS CONTROL NUMBER
LC control number ca 10002024
035 ## - SYSTEM CONTROL NUMBER
System control number (OCoLC)12310760
040 ## - CATALOGING SOURCE
Original cataloging agency DLC
Transcribing agency ViU
Modifying agency ViU
-- DLC
042 ## - AUTHENTICATION CODE
Authentication code premarc
050 00 - LIBRARY OF CONGRESS CALL NUMBER
Classification number VA54
Item number .R7
100 1# - MAIN ENTRY--PERSONAL NAME
Personal name Roosevelt, Theodore,
Dates associated with a name 1858-1919.
245 10 - TITLE STATEMENT
Title Remarks of President Roosevelt to the officers and enlisted men on board the U.S.S. Louisiana, November 26, 1906.
260 ## - PUBLICATION, DISTRIBUTION, ETC.
Place of publication, distribution, etc. [Washington,
Name of publisher, distributor, etc. Govt. Print. Off.,
Date of publication, distribution, etc. 1907?]
300 ## - PHYSICAL DESCRIPTION
Extent 4 p.
Dimensions 24 cm.
610 10 - SUBJECT ADDED ENTRY--CORPORATE NAME
Corporate name or jurisdiction name as entry element United States.
Subordinate unit Navy.

No items available.

Powered by Koha